UBT Library

CPAexcel : (Record no. 644)

000 -LEADER
fixed length control field 00589nam a22002177a 4500
005 - DATE AND TIME OF LATEST TRANSACTION
control field 20150331050030.0
008 - FIXED-LENGTH DATA ELEMENTS--GENERAL INFORMATION
fixed length control field 150331b xxu||||| |||| 00| 0 eng d
020 ## - INTERNATIONAL STANDARD BOOK NUMBER
International Standard Book Number 9780982898437
041 0# - LANGUAGE CODE
Language code of text/sound track or separate title eng
080 ## - UNIVERSAL DECIMAL CLASSIFICATION NUMBER
Universal Decimal Classification number 004
100 ## - Rafti
Rafti Bizzell Allen H.
245 ## - TITLE STATEMENT
Title CPAexcel :
260 ## -
-- United States of America
-- Efficient Learning Systems
-- 2010
300 ## -
-- 571 f.
-- me il.;
-- 28 cm
650 ## -
-- Kompjuterat
650 ## -
-- Programet
700 1# -
-- Charles J. Davis
700 1# -
-- Donald R. Deis Jr.
700 1# -
-- Pam Smith
942 ## - ADDED ENTRY ELEMENTS (KOHA)
Source of classification or shelving scheme
Item type Books
Holdings
Withdrawn status Lost status Source of classification or shelving scheme Damaged status Not for loan Collection code Permanent location Current location Shelving location Date acquired Total Checkouts Full call number Date last seen Koha item type Barcode Price effective from
          Koleksioni i përgjithshem UBT - Lipjan UBT - Lipjan Koleksioni i përgjithshem 03/31/2015   004 BIZ 03/31/2015 Books    
          Koleksioni i përgjithshem UBT - Lipjan UBT - Lipjan Koleksioni i përgjithshem 11/06/2017   330.722.6 JAM 11/06/2017 Books 002-2937180 11/06/2017
UBT Library © 2015-2024. All rights reserved University Education for Business and Technology